000 00622cam a2200193 4500
008 000000n2000 000 0 eng u
035 _a(Sirsi) u108186
245 _aLand Registry review
260 _c2000
490 _aLord Chancellor's Department Press Release
_v(318/00) 6 September 2000, (1)
520 _aThe Lord Chancellor's Department announces an independent review of the Land Registry. Comments and contributions by 3 November 2000.
590 _aWB
650 _aHM LAND REGISTRY
650 _aEXECUTIVE AGENCIES
650 _aREVIEW
650 _aPERFORMANCE
690 _aMANAGEMENT
942 _n0
999 _c64621
_d64621